| Tag |
First Indicator |
Second Indicator |
Subfields |
| LEADER |
00000pam a2200000 i 4500 |
| 001 |
in00000154728 |
| 005 |
20151008065833.0 |
| 008 |
741003s1975 mau 00010 eng d |
| 010 |
|
|
|a 74022439
|
| 020 |
|
|
|a 0316414905
|
| 020 |
|
|
|a 0316414913 (pbk.)
|
| 035 |
|
|
|a (OCoLC)01085849
|
| 035 |
|
|
|9 AAS1421AM
|
| 040 |
|
|
|a DLC
|c DLC
|d TXA
|d UtOrBLW
|
| 049 |
|
|
|a TXAM
|c [926754]
|
| 050 |
0 |
0 |
|a PS3517.G53
|b F3
|
| 082 |
0 |
|
|a 811/.5/4
|
| 100 |
1 |
|
|a Ignatow, David,
|d 1914-1997.
|
| 245 |
1 |
0 |
|a Facing the tree :
|b new poems /
|c by David Ignatow.
|
| 250 |
|
|
|a 1st ed.
|
| 264 |
|
1 |
|a Boston :
|b Little, Brown,
|c [1975]
|
| 264 |
|
4 |
|c ©1975
|
| 300 |
|
|
|a 108 pages ;
|c 21 cm.
|
| 336 |
|
|
|a text
|b txt
|2 rdacontent
|
| 337 |
|
|
|a unmediated
|b n
|2 rdamedia
|
| 338 |
|
|
|a volume
|b nc
|2 rdacarrier
|
| 500 |
|
|
|a "An Atlantic Monthly Press book."
|
| 999 |
|
|
|a MARS
|
| 999 |
f |
f |
|s 3f7af16f-3cb2-36c1-87fe-ebe6fb5d2cc3
|i 46cb4a4d-814e-309c-9866-a0f3429ee93f
|t 0
|
| 952 |
f |
f |
|p ric
|a Texas A&M University
|b Rellis Campus
|c Joint Library Facility
|d Remote Storage
|t 0
|e PS3517.G53 F3
|h Library of Congress classification
|i unmediated -- volume
|m A14804093573
|
| 998 |
f |
f |
|a PS3517.G53 F3
|t 0
|l Remote Storage
|